Biggest National Parks - Statistics

General Stats
  • This quiz has been taken 5 times
  • The average score is 3 of 10
Answer Stats
Country/Region Answer Size (square miles) % Correct
United States Denali 9,492
80%
United States Gates of the Arctic 13,238
60%
United States Grand Canyon 1,904
40%
United States Death Valley 5,262
20%
Ecuador Galápagos 3,087
20%
Limpopo and Mpumalanga provinces in Africa Kruger 7,523
20%
Peru Manú 6,627
20%
Namibia Namib Naukluft 19,216
20%
Denmark (Greenland) Northeast Greenland 375,000
20%
Canada Wood Buffalo 17,300
20%
No matching quizzes found
Score Distribution
Percent of People with Each Score
Percentile by Number Answered
Your Score History
You have not taken this quiz